000 005010000a22001930004500
001 002314
003 MACL
005 20150802163852.0
008 150802b xxu||||| |||| 00| 0 eng d
040 _aMACL
_cMACL
041 _aEnglish
082 _a380/SAM
100 _aSampson, Gary p
_94456
245 _aThe WTO And Sustaniable Development
_cGary p Sampson
260 _aNew Delhi
_c2005
_bUnited Nations University Press,
350 _a525
650 _aEconomics
_94457
942 _k380
_cBK
_2ddc
999 _c14226
_d14226